000 01150naa a22003377a 4500
001 BR6005005
003 BR-BrBNA
005 20240918172902.0
007 ta
008 230509b bl.||||| |||| 00| 0 por d
040 _aBR-BrBNA
_bpor
_cBiblioteca Nacional de Agricultura
041 _a(Pt)
072 _aF30
_b0180
090 _aF30 BR6005005
100 1 _aDotto, S.R.
100 1 _aIgnaczak, J.C.
100 1 _aGomes, E.P.
100 1 _aPeruzzo, G.
111 1 _a6. Reuniao Anual Conjunta de Pesquisa de Trigo
_cPorto Alegre, RS (Brazil)
_d1 Apr 1974
245 1 _aExperimentacao com trigo em 1973 [Triticum spp]
260 3 _aPasso Fundo, RS (Brasil):
_c[nd].
500 _aPesquisa com trigo na Estacao Experimental de Passo Fundo Passo Fundo, RS (Brasil): [nd]. p. 21-71 (BR6005005-AM)F30
650 _aMELHORAMENTO GENETICO VEGETAL
650 _aTRIGO
650 _aLINHAGEM
650 _aCRUZAMENTO
650 _aVARIEDADE
773 0 _tPesquisa com trigo na Estacao Experimental de Passo Fundo
_wF30 BR6005005
_gPasso Fundo, RS (Brasil), [nd]. p. 21-71
909 _a202404
_bLucia
_c55
_dLucia Elande
942 _cAM
_2AGRIS
999 _c301909
_d301909